| 000 | 00527nam a2200193Ia 4500 | ||
|---|---|---|---|
| 003 | OSt | ||
| 005 | 20221007082712.0 | ||
| 006 | a|||||r|||| 00| 0 | ||
| 007 | ta | ||
| 008 | 221006b |||||||| |||| 00| 0 eng d | ||
| 024 | _a22,857 | ||
| 037 | _cDissertations | ||
| 040 |
_aFLL _cFLL _beng |
||
| 041 |
_2eng _aeng |
||
| 100 |
_aGhimire C.N. _9699291 |
||
| 245 | 0 | _aRight against self-incremination a comparative study of the laws of India and Nepal | |
| 942 |
_cDIS _2CC |
||
| 999 |
_c1167442 _d1167442 |
||